| 000 | 00517nam a22001697a 4500 | ||
|---|---|---|---|
| 005 | 20251108164014.0 | ||
| 008 | 250721s1988 xx 000 0 ara d | ||
| 082 | 1 | 4 | _a210.4330/محم |
| 100 | 1 | _aالدغمي، محمد ركان | |
| 245 | 1 | 0 | _aنظرية الأمن الغذائي من منظور إسلامي / |
| 264 | 1 |
_aالزرقاء : _bمكتبة المنار، _c1988. |
|
| 300 | _a194ص. | ||
| 650 | 1 | 7 | _aالإسلام |
| 650 | 1 | 7 | _aالإقتصاد الإسلامي |
| 942 |
_2ddc _cBK |
||
| 999 |
_c1215 _d1215 |
||